000
00436nam a2200181Ia 4500
008
100917s9999 xx 000 0 und d
082
_b
7454
100
_a
शहाणे मनोहर
245
_a
झाकोळ
260
_b
---
_c
1965
300
_a
164
365
_b
7
520
_a
कादंबरी
630
_a
झाकोळ
650
_a
कादंबरी
730
_a
झाकोळ
942
_c
BOOK
999
_c
612848
_d
612845